Mobilná aplikácia CERAA a jej nové moduly

Zmena prístupu v ergonómii a riešenia kombinujúce tradičné vedomosti a moderné technológie, ktorých výsledkom sú nové pokrokové nástroje v ergonómii, v zmysle konceptu Industry 4.0.

Gespeichert in:
Bibliographische Detailangaben
1. Verfasser: Gašová, Martina
Weitere Verfasser: Gašo, Martin
Format: Buchkapitel
Sprache:Slowakisch
Schlagworte:
Tags: Tag hinzufügen
Keine Tags, Fügen Sie das erste Tag hinzu!

MARC

LEADER 00000naa a2200000 4500
001 0234154
005 20231208115135.6
041 0 |a slo 
044 |a SK 
245 1 0 |a Mobilná aplikácia CERAA a jej nové moduly  |c Martina Gašová, Martin Gašo 
520 |a Zmena prístupu v ergonómii a riešenia kombinujúce tradičné vedomosti a moderné technológie, ktorých výsledkom sú nové pokrokové nástroje v ergonómii, v zmysle konceptu Industry 4.0. 
610 2 0 |a ergonómia 
610 2 0 |a podmienky pracovné 
610 2 0 |a spôsobilosť k práci fyzická 
610 2 0 |a technológie nové 
610 2 0 |a priemysel 4.0 
610 2 0 |a inžinierstvo priemyselné 
100 1 |a Gašová, Martina 
700 1 |a Gašo, Martin